|
|
|
|
| LEADER |
00000nam0a2200000 4500 |
| 001 |
156609 |
| 005 |
20240123162027.0 |
| 035 |
|
|
|a (RuTPU)RU\TPU\book\169853
|
| 090 |
|
|
|a 156609
|
| 100 |
|
|
|a 20090330d1948 km y0rusy50 ca
|
| 101 |
0 |
|
|a rus
|
| 102 |
|
|
|a RU
|
| 105 |
|
|
|a y z 100zy
|
| 200 |
1 |
|
|a Третья геологическая конференция памяти академика М. А. Усова
|e тезисы докладов
|f Томский политехнический институт (ТПИ)
|
| 210 |
|
|
|a Томск
|c Изд-во ТПИ
|d 1948
|
| 215 |
|
|
|a 80 с.
|
| 316 |
|
|
|5 63413507: КР-5788
|a На титульном листе владельческая подпись: "Бакиров"
|
| 317 |
|
|
|5 63413507: КР-5788
|a Поступила в НТБ в 2018 г. в составе книжного собрания профессора ТПУ А. Г. Бакирова
|
| 606 |
1 |
|
|a Геология
|2 stltpush
|3 (RuTPU)RU\TPU\subj\6095
|9 34054
|
| 610 |
1 |
|
|a конференции
|
| 610 |
1 |
|
|a тезисы докладов
|
| 610 |
1 |
|
|a угольные месторождения
|
| 610 |
1 |
|
|a Сибирь
|
| 610 |
1 |
|
|a железорудные месторождения
|
| 610 |
1 |
|
|a палеография
|
| 610 |
1 |
|
|a стратиграфия
|
| 610 |
1 |
|
|a гидрогеология
|
| 610 |
1 |
|
|a Коллекция А. Г. Бакирова
|
| 610 |
1 |
|
|a Коллекция История ТПУ
|
| 610 |
1 |
|
|a труды учёных ТПУ
|
| 675 |
|
|
|a 55(063)
|v 3
|
| 712 |
0 |
2 |
|a Томский политехнический институт (ТПИ)
|c (1944-1991)
|3 (RuTPU)RU\TPU\col\1123
|
| 801 |
|
1 |
|a RU
|b 63413507
|c 20090330
|g PSBO
|
| 801 |
|
2 |
|a RU
|b 63413507
|c 20181210
|g RCR
|
| 942 |
|
|
|c BK
|